Sports Quiz

Random Sports or NFL Quiz
Score 0/30 Timer 10:00
0 Plays Today
Hint Answer % Correct
MegatronCalvin Johnson
91.7%
Honey BadgerTyrann Mathieu
72.2%
The FridgeWilliam Perry
72.2%
DangeRussRussell Wilson
66.7%
BreesusDrew Brees
63.9%
Nickfolean DynamiteNick Foles
61.1%
Nigerian NightmareChristian Okoye
50%
Greg The LegGreg Zuerlein
44.4%
The Minister Of DefenseReggie White
44.4%
NukDeandre Hopkins
38.9%
T SizzleTerrell Suggs
36.1%
Muscle HamsterDoug Martin
36.1%
Hausch MoneySteven Hauschka
33.3%
Amish RifleRyan Fitzpatrick
30.6%
Weapon XBrian Dawkins
30.6%
Hint Answer % Correct
Bam BamKam Chancellor
27.8%
JackrabbitJanoris Jenkins
27.8%
Flash 80Jerry Rice
25%
Run DMCDarren McFadden
25%
DeeboJames Harrison
16.7%
Black UnicornMartellus Bennett
11.1%
MinitronJulian Edelman
11.1%
Sweet FeetJames White
11.1%
T-MobileTyrod Taylor
11.1%
MeastSean Taylor
5.6%
The Tyler RoseEarl Campbell
5.6%
YodaSteve Largent
5.6%
ZeusTravis Kelce
5.6%
Dougie FreshDoug Pederson
2.8%
Con ManSam Bradford
0%
Remove Ads.
Support Sporcle.
Get the best of Sporcle when you Go Orange. This ad-free experience offers more features, more stats, and more fun while also helping to support Sporcle. Thank you for becoming a member.

You're not logged in!

Compare scores with friends on all Sporcle quizzes.
OR
Log In

Show Comments

Extras

Created Dec 14, 2018ReportNominate
Tags:NFL Quiz, nickname

Top Quizzes Today


Score Distribution

Your Account Isn't Verified!

In order to create a playlist on Sporcle, you need to verify the email address you used during registration. Go to your Sporcle Settings to finish the process.

Report this User

Report this user for behavior that violates our Community Guidelines.

Details: